Michael Jackson - Thriller (Tracks) - Statistics

General Stats
  • This quiz has been taken 118 times
  • The average score is 7 of 9
Answer Stats
Track Number Track Name % Correct
4 Thriller
99%
5 Beat It
93%
6 Billie Jean
92%
3 The Girl Is Mine
81%
8 P.Y.T. (Pretty Young Thing)
80%
1 Wanna Be Startin' Somethin'
79%
7 Human Nature
75%
9 The Lady in My Life
64%
2 Baby Be Mine
61%
No matching quizzes found
Score Distribution
Percent of People with Each Score
Percentile by Number Answered
Your Score History
You have not taken this quiz